México reconquista sus libertades (Record no. 3242)

MARC details
000 -CABECERA
campo de control de longitud fija 00547nam a2200205 a 4500
001 - NÚMERO DE CONTROL
campo de control BRCA_3507
005 - FECHA Y HORA DE LA ÚLTIMA TRANSACCIÓN
campo de control 20190320204319.0
008 - DATOS DE LONGITUD FIJA--INFORMACIÓN GENERAL
campo de control de longitud fija 250709s1918----sp-a---###---#000-0#spa-#
041 ## - CÓDIGO DE LENGUA
Código de lengua del texto/banda sonora o título independiente spa
044 ## - CÓDIGO DEL PAÍS DE LA ENTIDAD EDITORA/PRODUCTORA
Código MARC del país sp
050 #4 - SIGNATURA TOPOGRÁFICA DE LA BIBLIOTECA DEL CONGRESO
Número de clasificación F1234
Número de documento/Ítem .A53 1918
100 1# - ENTRADA PRINCIPAL--NOMBRE DE PERSONA
Nombre de persona Anasagasti, Victorio de.
9 (RLIN) 9122
245 10 - MENCIÓN DE TÍTULO
Título México reconquista sus libertades
Mención de responsabilidad, etc. Victorio de Anasagasti.
260 ## - PUBLICACIÓN, DISTRIBUCIÓN, ETC.
Lugar de publicación, distribución, etc. Madrid
Nombre del editor, distribuidor, etc. Imp. Alemana
Fecha de publicación, distribución, etc. 1918
300 ## - DESCRIPCIÓN FÍSICA
Extensión 127 p.
Otras características físicas il.
Dimensiones 20 cm.
500 ## - NOTA GENERAL
Nota general B92.
651 #4 - PUNTO DE ACCESO ADICIONAL DE MATERIA--NOMBRE GEOGRÁFICO
Nombre geográfico México
Subdivisión general Política y gobierno
9 (RLIN) 7019
902 ## - CATALOGADOR
Iniciales GFM
942 ## - ELEMENTOS DE PUNTO DE ACCESO ADICIONAL (KOHA)
Fuente del sistema de clasificación o colocación Library of Congress Classification
Tipo de ítem Koha Libros
Holdings
Estado de retiro Estado de pérdida Estado dañado No para préstamo Localización permanente Ubicación/localización actual Fecha de adquisición Número de inventario Total de préstamos Signatura topográfica completa Código de barras Fecha visto por última vez Precio válido a partir de Tipo de ítem Koha
El ejemplar forma parte de la colección y puede ser consultado según las políticas vigentes.       Biblioteca del Museo Franz Mayer (Rogerio Casas-Alatriste) Biblioteca del Museo Franz Mayer (Rogerio Casas-Alatriste) 25/07/2009 B92.   F1234 .A53 1918 (B92.) 3504 22/03/2019 22/03/2019 Libros